00279nam a2200109Ia 4500008004100000082000900041100002300050245002900073260000900102630002900111730002900140100328s9999 xx 000 0 und d b2932 aYogendra Sitadevi aYog A Physical Education bYoga aYog A Physical Education aYog A Physical Education